| 000 | 00643nam a22002177a 4500 | ||
|---|---|---|---|
| 003 | OSt | ||
| 005 | 20220107122859.0 | ||
| 008 | 201021b xxu||||| |||| 00| 0 eng d | ||
| 020 | _a9780367387037 | ||
| 040 | _cIIITMK | ||
| 082 | _a005.82 DUN/M | ||
| 100 |
_aDunham, Ken _918336 |
||
| 245 |
_aMalcious bots: _bAn inside look into the cyber-criminal underground of the internet _cKen Dunham, Jim Melnick |
||
| 260 |
_aBoca Raton, _bCRC Press, _c2019 |
||
| 300 | _axiv, 153p. | ||
| 650 |
_aCOMPUTER SCIENCE _918337 |
||
| 650 |
_aCYBER SECURITY _918338 |
||
| 650 |
_aONLINE CRIMINALS _918339 |
||
| 700 |
_aMelnick, Jim _918340 |
||
| 942 |
_2ddc _cBK |
||
| 999 |
_c6803 _d6803 |
||